Prehistoric Mersin: yümük tepe in southern Turkey
Tallennettuna:
| Päätekijä: | |
|---|---|
| Aineistotyyppi: | Kirja |
| Kieli: | ranska |
| Julkaistu: |
Londres
Oxford at the Clarendon Press
1953
|
| Aiheet: | |
| Tagit: |
Lisää tagi
Ei tageja, Lisää ensimmäinen tagi!
|
MARC
| LEADER | 00000nam a2200000 a 4500 | ||
|---|---|---|---|
| 001 | UCP9980 | ||
| 003 | CL-VaPUC | ||
| 008 | 000407e19530000UK |||||||||||||||||fre|d | ||
| 082 | 0 | 4 | |a 935 |b GAR |2 21 |
| 100 | 0 | |a Garstang, John |e author |9 440985 | |
| 245 | 1 | 0 | |a Prehistoric Mersin: yümük tepe in southern Turkey |
| 300 | |a 271 p | ||
| 942 | |c BK | ||
| 945 | |d 20000407 00:00:00 |a rherrera | ||
| 260 | |a Londres |b Oxford at the Clarendon Press |c 1953 | ||
| 650 | 0 | |a Arqueología |9 265619 | |
| 650 | 0 | |a Prehistoria |9 316557 | |
| 650 | 7 | |a EXCAVACIONES ARQUEOLOGICAS |2 CL-VaPUC |9 310948 | |
| 651 | 7 | |a TURKIA |2 CL-VaPUC |9 440986 | |
| 583 | |a last modification |c 20180402 12:34:03 |k Rodrigo Vera | ||
| 999 | |c 286760 |d 286758 | ||
| 952 | |0 0 |1 0 |4 0 |6 935_000000000000000_GAR_1953 |7 0 |8 A |9 332880 |a BIBHIS |b BIBHIS |d 2019-11-20 |i 1263862 |o 935 GAR 1953 |p 1263862 |r 2025-01-20 |w 2019-11-20 |y BK |k HIS | ||